Online Catalogue and eLibrary

Rendering unto caeser : (Record no. 3552)

MARC details
000 -LEADER
fixed length control field 00666nam a2200157Ia 4500
005 - DATE AND TIME OF LATEST TRANSACTION
control field 20250307072239.0
008 - FIXED-LENGTH DATA ELEMENTS--GENERAL INFORMATION
fixed length control field 240331s9999 xx 000 0 und d
020 ## - INTERNATIONAL STANDARD BOOK NUMBER
ISBN 1932705554
082 ## - DDC Classification
Item Number - Author Mark WEE
Class No. 954
100 ## - MAIN ENTRY--PERSONAL NAME
Personal name Weerakoon, B
245 #0 - TITLE STATEMENT
Title Rendering unto caeser :
Remainder of title a fascinating story of one man's tenure under nine prime ministers and presidents of Sri Lanka
260 ## - PUBLICATION, DISTRIBUTION, ETC.
Place of publication, distribution, etc. Colombo
Name of publisher, distributor, etc. Vijitha Yapa Publications
Date of publication, distribution, etc. 2004
300 ## - PHYSICAL DESCRIPTION
Extent (e.g. Volumes, Pages etc.) Xvi, 403 p .,
500 ## - GENERAL NOTE
General note Rendering Unto Caesar is Bradman Weerakoon's unique First-person account of Fifty Years of Public Service as Official Secretary and Senior Advisor to Sri Lankan Prime Ministers and Presidents.
942 ## - Koha item type (Biblio)
Koha item type Books in Stacks (Lending)
Holdings
Lost status Damaged status Collection code Home library Current library Shelving location Date acquired Full call number Accession Number Item type
    Lending WERC Library WERC Library Social Science Cupboard 03/31/2024 954.93 WEE 1907 Books in Stacks (Lending)

© WERC Library